Kaisha, the Japanese corporation

Widely acclaimed as the best book yet on Japanese management by two experts, this important book offers a tough-minded analysis of Japanese business methods and competitive strategies.

Uloženo v:
Podrobná bibliografie
Hlavní autor: Abegglen, James C.
Médium: Kniha
Jazyk:Undetermined
Vydáno: New York Basic Books 1985
Témata:
Tagy: Přidat tag
Žádné tagy, Buďte první, kdo otaguje tento záznam!
Thư viện lưu trữ: Trung tâm Học liệu Trường Đại học Cần Thơ
LEADER 00832nam a2200205Ia 4500
001 CTU_218373
008 210402s9999 xx 000 0 und d
082 |a 338.740952 
082 |b A138 
100 |a Abegglen, James C. 
245 0 |a Kaisha, the Japanese corporation 
245 0 |c James C. Abegglen, George Stalk 
260 |a New York 
260 |b Basic Books 
260 |c 1985 
520 |a Widely acclaimed as the best book yet on Japanese management by two experts, this important book offers a tough-minded analysis of Japanese business methods and competitive strategies. 
650 |a Industrial management,Business planning,Quản lí công nghiệp,Kế hoạch kinh doanh 
650 |z Japan,Japan,Nhật Bản,Nhật Bản 
904 |i Qhieu 
980 |a Trung tâm Học liệu Trường Đại học Cần Thơ